Glazing (Record no. 75911)
[ view plain ]
| 000 -LEADER | |
|---|---|
| fixed length control field | 01039nam a2200205 a 4500 |
| 008 - FIXED-LENGTH DATA ELEMENTS--GENERAL INFORMATION | |
| fixed length control field | 060316s1983 ||||||||||||||||| || u |
| 020 ## - INTERNATIONAL STANDARD BOOK NUMBER | |
| International Standard Book Number | 0582406080 |
| 050 ## - LIBRARY OF CONGRESS CALL NUMBER | |
| Classification number | TH 8251 Tho |
| 100 ## - MAIN ENTRY--PERSONAL NAME | |
| Personal name | Thompson, Stanley J |
| 245 10 - TITLE STATEMENT | |
| Title | Glazing |
| 260 ## - PUBLICATION, DISTRIBUTION, ETC. | |
| Place of publication, distribution, etc. | London ;New York : |
| Name of publisher, distributor, etc. | Construction Press |
| Date of publication, distribution, etc. | 1983 |
| 300 ## - PHYSICAL DESCRIPTION | |
| Extent | xii, 124 p. : ill. |
| 350 ## - | |
| -- | 0.00 |
| 490 ## - | |
| -- | Site practice series |
| 650 ## - SUBJECT ADDED ENTRY--TOPICAL TERM | |
| Topical term or geographic name entry element | GALAZING |
| 995 ## - | |
| -- | MAIN LIBRARY OPEN ACCESS |
| -- | 0.00 |
| -- | 016800 |
| -- | CBU-MAIN LIBRARY (Kitwe) |
| -- | 4 |
| -- | 6.95 |
| -- | TH 8251 Tho |
| -- | AVAILABLE |
| -- | 016800 |
| -- | Main Library Open Access Collection |
| 995 ## - | |
| -- | MAIN LIBRARY OPEN ACCESS |
| -- | 0.00 |
| -- | 708811 |
| -- | CBU-MAIN LIBRARY (Kitwe) |
| -- | 3 |
| -- | 6.95 |
| -- | TH 8251 Tho |
| -- | AVAILABLE |
| -- | 017116 |
| -- | Main Library Open Access Collection |
| 995 ## - | |
| -- | MAIN LIBRARY OPEN ACCESS |
| -- | 0.00 |
| -- | 708812 |
| -- | CBU-MAIN LIBRARY (Kitwe) |
| -- | 2 |
| -- | 6.95 |
| -- | TH 8251 Tho |
| -- | AVAILABLE |
| -- | 017117 |
| -- | Main Library Open Access Collection |
| 995 ## - | |
| -- | MAIN LIBRARY OPEN ACCESS |
| -- | 0.00 |
| -- | 017118 |
| -- | CBU-MAIN LIBRARY (Kitwe) |
| -- | 1 |
| -- | 6.95 |
| -- | TH 8251 Tho |
| -- | AVAILABLE |
| -- | 017118 |
| -- | Main Library Open Access Collection |
| 999 ## - | |
| -- | 75911 |
| -- | 75911 |
| Withdrawn status | Lost status | Source of classification or shelving scheme | Damaged status | Not for loan | Permanent Location | Current Location | Shelving location | Date acquired | Total Checkouts | Full call number | Barcode | Date last seen | Copy number | Price effective from | Koha item type |
|---|---|---|---|---|---|---|---|---|---|---|---|---|---|---|---|
| CBU-MAIN LIBRARY, KITWE. | CBU-MAIN LIBRARY, KITWE. | 04/25/2023 | TH 8251 Tho | 016800 | 04/25/2023 | 1 | 04/25/2023 | MONOGRAPH | |||||||
| CBU-MAIN LIBRARY, KITWE. | CBU-MAIN LIBRARY, KITWE. | 04/25/2023 | TH 8251 Tho | 017116 | 04/25/2023 | 2 | 04/25/2023 | MONOGRAPH | |||||||
| CBU-MAIN LIBRARY, KITWE. | CBU-MAIN LIBRARY, KITWE. | 04/25/2023 | TH 8251 Tho | 017117 | 04/25/2023 | 3 | 04/25/2023 | MONOGRAPH | |||||||
| CBU-MAIN LIBRARY, KITWE. | CBU-MAIN LIBRARY, KITWE. | 04/25/2023 | TH 8251 Tho | 017118 | 04/25/2023 | 4 | 04/25/2023 | MONOGRAPH |